Vista normal Vista MARC

Entrada Geographic Name

Número de registros utilizados en: 1

001 - CONTROL NUMBER

  • control field: 11492

003 - CONTROL NUMBER IDENTIFIER

  • control field: OSt

005 - DATE AND TIME OF LATEST TRANSACTION

  • control field: 20201014100316.0

008 - FIXED-LENGTH DATA ELEMENTS

  • fixed length control field: 201014|| aca||aabn | a|a d

040 ## - CATALOGING SOURCE

  • Original cataloging agency: OSt
  • Transcribing agency: OSt

151 ## - HEADING--GEOGRAPHIC NAME

  • Geographic name: Cartagena (Colombia)
  • General subdivision: historia
  • Chronological subdivision: 1815

670 ## - SOURCE DATA FOUND

  • Source citation: Work cat.: (OSt)3426: Lemaitre Román, Eduardo, autor 11490, Cartagena colonial / , 1973 impresión